000 00356nam a22001457a 4500
005 20250925090507.0
008 250925b |||||||| |||| 00| 0 eng d
020 _a8176635545
050 _aSF488
_b.G6 PRA
100 _aDINANTH PRASAD
245 _aPOULTRY FARMING
260 _aNEW DELHI
_bKALYANI PUBLISHERS
_cC1991
300 _a68p
942 _2lcc
_cBK
_n0
999 _c7700
_d7700